| 000 | 00772nam a22002537a 4500 | ||
|---|---|---|---|
| 001 | BR8901361 | ||
| 003 | BR-BrBNA | ||
| 005 | 20230928093155.0 | ||
| 007 | ta | ||
| 008 | 230509b bl.||||| |||| 00| 0 por d | ||
| 040 |
_aBR-BrBNA _bpor _cBiblioteca Nacional de Agricultura |
||
| 041 | _a(Por) | ||
| 072 |
_aP07 _b8905 |
||
| 090 | _ 8905 BR8901361 | ||
| 110 | 1 |
_aInstituto Brasileiro de Desenvolvimento Florestal, Brasilia, DF (Brasil) _95727 |
|
| 245 | 1 | _aO carvao vegetal como fonte alternativa de energia a partir da biomassa florestal | |
| 260 | 3 |
_aBrasilia, DF (Brasil): _c[nd]. |
|
| 300 | _a74 p. | ||
| 500 | _a19 illus.; Published 1980? | ||
| 650 | _aCARVAO VEGETAL | ||
| 650 | _aRECURSO ENERGETICO | ||
| 909 |
_a202309 _bLucia _c55 _dLucia Elande |
||
| 942 | _cBK | ||
| 999 |
_c43424 _d43424 |
||